| 000 | 00411nam a2200169Ia 4500 | ||
|---|---|---|---|
| 005 | 20250423100223.0 | ||
| 008 | 250422s9999 xx 000 0 und d | ||
| 020 | _a978- 1- 4231- 2128- 2 | ||
| 050 | _aPZ 7 .D36967/ | ||
| 100 | _aCruz, Mellisa De La cRUZ | ||
| 245 | 0 | _aMisguided angel : ablue bloods novel | |
| 260 | _aNew York | ||
| 260 | _bHyperion | ||
| 260 | _c2010 | ||
| 300 | _a265 p | ||
| 942 | _cBK | ||
| 999 |
_c32645 _d32645 |
||